000 01340nam0a22003011 4500
001 v19\rc\1913379
005 20260405200446.0
035 _a(NLR Aleph) 005265317
090 _a5943315
_c5943315
100 _a20080404d1911 |||y0rusy50 ca
101 0 _arus
102 _aRU
105 _ay z |||a|
200 1 _aАз и ферт
_eШутка-водевиль в 1 д., [заимств. из пьесы Э. Моро, М. Сиродена и А. Делакура]
_f[Соч.] П.С. Федорова
210 _aМосква
_cС.Ф. Рассохин
_d1911
215 _a26 с.
_d25
309 _aНапеч. на пиш. маш. Литогр.
700 1 _8rus
_7ca
_aФедоров
_bП. С.
_cдраматург
_f1803-1879
_gПавел Степанович
_3RU\NLR\AUTH\7772756
_955684
702 1 _4100
_8rus
_7ca
_aМоро
_bЭ.
_f1810-1838
_gЭжезип
_3RU\NLR\AUTH\7786717
_969645
702 1 _4100
_8rus
_7ca
_aСироден
_bП.
_f1814-1883
_gПоль
_3RU\NLR\AUTH\7788081
_971009
702 1 _4100
_8rus
_7ca
_aДелакур
_bА. Ш.
_f1817-1883
_gАльфред Шарлеман
_3RU\NLR\AUTH\7778154
_961082
801 0 _aRU
_bNLR
_c20080404
_gpsbo
801 0 _aRU
_bRuMoRGB
_c20080404
_2psbo
801 1 _aRU
_bProSoft-M
_c20080404
_2rusmarc
801 2 _aRU
_bNLR
_c20100513
_2rusmarc
852 _aNLR
_j20.91.8.331
942 _cBOOK
980 _aNB